ბათუმის შოთა რუსთაველის სახელმწიფო უნივერსიტეტის ბიბლიოთეკა

XXI საქართველოს რესპუბლიკური. დიალექტოლოგიური სამეცნიერო სესია (ბიბ.ჩანაწერი № 34864)

000 -LEADER
fixed length control field 00947nam a2200229Ia 4500
001 - CONTROL NUMBER
control field 682
003 - CONTROL NUMBER IDENTIFIER
control field GE_BSU
008 - FIXED-LENGTH DATA ELEMENTS--GENERAL INFORMATION
fixed length control field 181216s||||||||xx |||||||||||||| ||und||
020 ## - INTERNATIONAL STANDARD BOOK NUMBER
International Standard Book Number 9992890703
040 ## - CATALOGING SOURCE
Transcribing agency GE_BSU
080 ## - UNIVERSAL DECIMAL CLASSIFICATION NUMBER
Universal Decimal Classification number 811.353.1
245 ## - TITLE STATEMENT
Title XXI საქართველოს რესპუბლიკური. დიალექტოლოგიური სამეცნიერო სესია
245 ## - TITLE STATEMENT
Remainder of title ეძღვნება აკად. ვ. თოფურიას დაბადების 100 წლისთავს, ქ. ბათუმი, 2001 წლის 26-27 ოქტომბერი
260 ## - PUBLICATION, DISTRIBUTION, ETC.
Place of publication, distribution, etc. თბილისი
260 ## - PUBLICATION, DISTRIBUTION, ETC.
Name of publisher, distributor, etc. ქართული ენა
260 ## - PUBLICATION, DISTRIBUTION, ETC.
Date of publication, distribution, etc. 2001
300 ## - PHYSICAL DESCRIPTION
Extent 142 გვ.
653 ## - INDEX TERM--UNCONTROLLED
Uncontrolled term თოფურია, ვარლამ 1901-1966
653 ## - INDEX TERM--UNCONTROLLED
Uncontrolled term ქართული დიალექტოლოგია;
942 ## - ADDED ENTRY ELEMENTS (KOHA)
Koha item type წიგნი
ეგზემპლარები
Withdrawn status Lost status Damaged status Not for loan Date acquired Barcode Date last seen Price effective from Koha item type
        2018-12-17 932 2018-12-17 2018-12-17 წიგნი